=LDR 00000nam 2200000 4500 =001 INLIS000000000041997 =005 20201125120008 =035 ##$$a 0010-061300000041997 =008 201125###########################0#ind## =041 ##$$a ind =082 ##$$a 330.07 =090 ##$$a 330.07, Suk e =100 ##$$a Sukardi =245 1#$$a Ekonomi untuk SMA/MA kelas xii/Sukardi; Editor, Titi maryani =260 ##$$a 2009 :$b Jakarta =300 ##$$a Viii,138 hlm, Ilus, 25 cm =650 #4$$a EKONOMI - STUDI DAN PENGAJARAN =700 #$$a Titi Maryani =850 ##$$a NBPNMAT